Servicios médicos privados y servicios médicos públicos: ¿compra, venta, estrategias o derecho?. Una discusión teórica como marco de comprensión /

Na minha lista:
Detalhes bibliográficos
Autor principal: Valverde Salas, Karina
Formato: Texto
Tags: Adicionar Tag
Sem tags, seja o primeiro a adicionar uma tag!

MARC

LEADER 00000 a a2200000 04500
001 8912
003
040
100 |a Valverde Salas, Karina  
245 |a Servicios médicos privados y servicios médicos públicos: ¿compra, venta, estrategias o derecho?. Una discusión teórica como marco de comprensión /  |c Karina Valverde Salas 
773 |g volumen 5, número 2; página 15  
999 |c 39863  |d 39863